Mobilitat tova / [coordinació: Salvador Fuentes Bayó ; direcció: Domènec Cucurull Descarrega] Salvador Fuentes Bayó ; direcció:
ISBN:
978-84-9803-479-0
Publicado:
Barcelona :
Diputació de Barcelona. Àrea de Territori i Sostenibilitat. Gerència de Serveis de Medi Ambient ,
2012
Descripción Física:
337 p. : fot., gràf., taules ; 29 cm
Colección:
Documents de treball. Medi ambient ; 6
MARC
| LEADER | 00000nam a2200000Ia 4500 | ||
|---|---|---|---|
| 001 | 23449 | ||
| 008 | 160829s2012 xx 000 0 cat d | ||
| 020 | |a 978-84-9803-479-0 | ||
| 080 | |a C-3-394 | ||
| 245 | |a Mobilitat tova / [coordinació: |b Salvador Fuentes Bayó ; direcció: |b Domènec Cucurull Descarrega] | ||
| 260 | |a Barcelona : |b Diputació de Barcelona. Àrea de Territori i Sostenibilitat. Gerència de Serveis de Medi Ambient, |c 2012 | ||
| 300 | |a 337 p. : |b fot., gràf., taules ; |c 29 cm | ||
| 490 | |a Documents de treball. Medi ambient ; 6 | ||
| 590 | |a Bibliografia. | ||
| 590 | |a Textos en català, castellà i anglès. | ||
| 650 | |a Mobilitat sostenible |9 47932 | ||
| 650 | 0 | |a Transport urbà |9 9061 | |
| 700 | 1 | |a Fuentes Bayó, Salvador |e coordinador |9 17868 | |
| 700 | |a Cucurull, Domènec |e director |9 49433 | ||
| 901 | |a Arxiu | ||
| 942 | |n 1 |2 udc | ||
| 952 | |0 0 |1 0 |4 0 |6 C3394 |7 1 |9 54211 |a Arxiu |b Arxiu |d 2012-06-13 |l 0 |o C-3-394 |p 23449 |r 2016-12-01 00:00:00 |w 2016-12-01 |y ARXIU | ||
| 999 | |c 58080 |d 58080 | ||